| LEADER | 00712nas a22001932a 4500 | ||
|---|---|---|---|
| 001 | 000117669 | ||
| 003 | CZ BrMZK | ||
| 005 | 20070101010101.0 | ||
| 008 | 961001u1953 xo slo d | ||
| 022 | |a 0139-7214 | ||
| 040 | |a BOA001 |b cze | ||
| 245 | 0 | 0 | |a Technické noviny : |b Časopis pre novú techniku a otázky zlepšovatel'ského a vynálezeckého hnutia |
| 260 | |a Bratislava : |b VTN, |c 1953- | ||
| 310 | |a 10x ročně | ||
| 500 | |a Samostatná příloha: Zoznam nadnormatívnych zásob | ||
| 653 | 0 | |a technologie | |
| 910 | |a BOA001 |b Nov.-0317.534 |r 1990-1995 | ||
| 990 | |a SE | ||
| 996 | 6 | |b 000117669000010 |c Nov.-0317.534 |d 1954 1 |v 1 |y 1954 |l Stud. periodik/2.patro |r DEP / do 15 dnů |n 0 |w 000117669 |u 000010 |a 240 |e BOA001 |j MZK50 |s P | |
English
Čeština 